[Event "ESP-chB"]
[Site "Ayamonte"]
[Date "2002.10.07"]
[Round "4"]
[White "Arizmendi Martinez, Julen Luis"]
[Black "Gual Pascual, Antonio"]
[Result "1-0"]
[WhiteElo "2510"]
[BlackElo "2450"]
[Annotator "Arizmendi,J"]
[PlyCount "57"]
[EventDate "2002.10.04"]
[EventType "tourn"]
[EventRounds "5"]
[EventCountry "ESP"]
[EventCategory "11"]
[SourceTitle "CBM 092"]
[Source "ChessBase"]
[SourceDate "2003.02.06"]
[SourceVersion "1"]
[SourceVersionDate "2003.02.06"]
[SourceQuality "1"]

1. e4 {Erenburg} d6 2. d4 g6 3. Nf3 Bg7 4. Be2 {This is a very interesting
move order, rulling out a6-b5 systems of the Modern defense due to the
possibility of going into a favourable King's Indian after c2-c4. Usually it
all ends up in a Classical Pirc.} Nf6 5. Nc3 O-O 6. O-O c6 {The modern line.
The alternative is 6...Bg4.} 7. a4 Nbd7 (7... a5 {Is also playable, although I
am of the opinion white should be better. It just looks too suspicious to
leave the b6 square so weak, even if the knight gets a nice home on b4 in
exchange.} 8. Re1 (8. h3 {Erenburg} Na6 9. Bf4 Nb4 10. Qd2 b6 $146 (10... e5 {
Erenburg} 11. dxe5 dxe5 12. Bxe5 Qxd2 13. Nxd2 Nxc2 14. Rac1 Nb4 15. Nc4 Be6
16. Nd6 $16 {:Rozentalis E. 2610-Ftacnik L. 2585, Bundesliga 1998]}) 11. Rad1
Bb7 12. Bh6 d5 $6 (12... Bxh6 {Erenburg} 13. Qxh6 Nxc2 $2 14. e5 $18) (12...
Qc7 {Erenburg}) 13. Bxg7 Kxg7 14. e5 Ne8 15. Rde1 f5 16. h4 $1 (16. exf6+ {
Erenburg} exf6 {, Ne8-d6}) 16... Nc7 17. h5 $14 {1-0 Rozentalis,E-Iuldachev,S/
Elista 1998/CBM 66 ext/[Rozentalis] (53)}) 8... Na6 9. h3 Nb4 10. Bf4) 8. Bf4
Qa5 {The main line. Erenburg: 'The queen has nothing to do on a5.'} (8... Qc7
9. e5 Nh5 (9... dxe5 {Erenburg} 10. Nxe5 Nxe5 11. Bxe5 Qa5 12. Bf3 $14 {
1-0 Rozentalis,E-Beim,V/Biel 1990/EXT 2000 (32)}) 10. Bg5 dxe5 $6 11. Bxe7 Re8
12. d5 $1 {Is known to be better for white, but 10...f6!? might be an
improvement, as Narciso played against me a few months later.}) (8... e5 $6 {
Erenburg} 9. dxe5 dxe5 10. Nxe5 Nxe4 11. Nxe4 (11. Nxd7 {Erenburg} Nxc3) 11...
Nxe5 12. Qxd8 Rxd8 13. Bg5 Rd4 14. Nf6+ Kh8 15. c3 $14) (8... Qc7 {(Erenburg)
-see 7...Qc7.}) 9. Nd2 {'!' Erenburg. Erenburg: 'A very typical manoeuvre,
which exploits the black's inaccuracy. White is preparing for black's e7-e5
advance. Since after e7-e5 black weakens the d6 square, white is transfering
his knight to a relevant position.'} e5 $2 {This is definitely a mistake.
Black should only push when it is certain that white will not be able to make
use of the d6 square, as happens in the game. Thus, once e4-e5 is no longer
available to white, the queen should retreat with 9...Qc7, delaying e5 for the
time being.} 10. Nc4 {Erenburg: 'Now it is clear, that 8...Qa5 was a waste of
time.'} Qc7 11. dxe5 (11. Bg3 $6 {(Erenburg) In my opinion, e3- is a better
place, than g3 for the bishop.} Ne8 12. dxe5 dxe5 {[%cal Gd7c5]} 13. a5 Nc5 14.
Qd2 Ne6 15. Na4 Nf4 $13 {1/2-1/2 Beliavsky,A-Hickl,J/TCh-AUT 2001 (37)}) 11...
dxe5 12. Be3 Rd8 (12... Ne8 $5 {[%csl Rd6] Erenburg} 13. Qd2 {[%cal Ye3h6,
Yf1d1]}) 13. Qd6 $1 Ne8 (13... Qxd6 14. Nxd6 Ne8 15. Nxc8 Rdxc8 16. Rfd1 Nef6 {
was played in Fiorito,F-Milos,G/Guarapuava 1992/EXT 98, which black won.
Nevertheless, white´s position is to be prefered. For example, 17.a5, followed
by 18.Na4 should give white a nice plus.}) 14. Qxc7 Nxc7 15. Bg5 $1 {A new
move which took me a long time to find. I realized that white's advantage
would be greater if he could force black to exchange his g7 bishop for the d6
knight, instead of the c8 bishop. The reason for this is that in the future it
would be possible to exchange off white's bishop pair with Bf8-Bc5, a maneuvre
not available to the light-squared bishop. So, it was only a matter of making
sure black did not have any alternatives.} (15. Nd6 Ne6 16. Bc4 (16. Nxc8 Rdxc8
17. Rfd1 Nd4) 16... Nb6 17. Bxe6 Rxd6 18. Bb3 Nd7 19. a5 Nf8 20. Rfd1 Rxd1+ 21.
Rxd1 Ne6 22. Na4 Bf6 23. Bc4 Kf8 24. c3 Ke8 25. b4 Bd8 26. f3 Bc7 {0-1
Dzhakaev,D-Hommeles,T/Hoogeveen 2000/CBM 78 ext (57). White is obviously
better but it is not so easy to breach black's defenses. As a matter of fact,
in the game white tried too hard and lost.}) (15. Rad1 Ne6 16. Bg4 Nd4 17. Nxe5
Nxe5 18. Bxc8 Raxc8 19. Rxd4 Rxd4 20. Bxd4 Nf3+ 21. gxf3 Bxd4 $44) 15... f6 {
After this my idea is implemented. But it seems the alternatives do not solve
black's problems.} (15... Bf6 16. Bxf6 Nxf6 17. Nxe5 Re8 18. f4 {And white is
a pawn up for almst nothing.}) (15... Nf6 16. Nxe5 Re8 (16... Ne6 17. Bh4 Rd4
18. Bxf6 Bxf6 19. Nd3 $16) 17. f4 Ne6 18. Bxf6 (18. Bh4 {does not work.} Nxf4
19. Rxf4 Nh5 20. Bxh5 Bxe5) 18... Bxf6 19. Nc4 $16 {in every case white is
able to keep his pawn.}) 16. Be3 Ne6 17. Rfd1 {The idea of forcing f7-f6 is
now made clear: the e6 knight cannot jump into d4, and the a2-g8 diagonal has
been weakened.} Bf8 (17... Nd4 18. Bxd4 exd4 19. Rxd4 f5 20. e5 $18) 18. Nd6
Bxd6 (18... Ndc5 {(Erenburg) didn't solve the black's problems:} 19. Nxc8 Raxc8
20. Bc4 {with two main threats: Bxc5 and b4.}) 19. Rxd6 Ndf8 20. Rxd8 Nxd8 21.
a5 (21. Rd1 $1 {was more precise, not giving any options.} Be6 $140 $2 22. Bxa7
$18) 21... Nde6 $6 (21... Be6 22. Na4 Nd7 23. Rd1 Kf8 $16 {Was a better
defensive setup, not available to black after 21.Rd1!}) 22. Rd1 Kf7 23. Bc4 Ke7
24. Na4 a6 {A sad move, but Gual could not find any constructive plan.} (24...
Nd4 {fails due to} 25. Bxd4 exd4 26. Rxd4 b5 27. axb6 axb6 28. Nxb6 Ra1+ 29.
Bf1 Ba6 30. c4 $18) 25. Rd3 $1 $18 {b7 is the target now.} g5 (25... Nd7 26.
Bxe6 {there are of course slower methods of strangling black, but this looks
strong enough.} Kxe6 27. Nc5+ Nxc5 (27... Ke7 28. Nxd7 Bxd7 29. Bc5+ Ke8 30.
Rd6 {with a huge advantage.}) 28. Bxc5 Bd7 29. Rd6+ Ke7 30. Rxc6+ $18) 26. Nb6
Rb8 27. Rb3 Bd7 28. Na4 $1 (28. Nxd7 {would give black some counterchances.}
Nxd7 29. Ba7 Nec5 $1) 28... Kd6 29. Ba7 {The b7 pawn is lost, and the whole
queenside collapses afterwards.} 1-0

[Event "Albacete op 09th"]
[Site "Albacete"]
[Date "2001.09.05"]
[Round "8"]
[White "Arizmendi Martinez, Julen Luis"]
[Black "Safranska, Anda"]
[Result "1-0"]
[WhiteElo "2495"]
[BlackElo "2330"]
[Annotator "Arizmendi,J"]
[PlyCount "47"]
[EventDate "2001.08.30"]
[EventType "swiss"]
[EventRounds "9"]
[EventCountry "ESP"]
[SourceTitle "EXT 2002"]
[Source "ChessBase"]
[SourceDate "2001.11.25"]
[SourceVersion "1"]
[SourceVersionDate "2001.11.25"]
[SourceQuality "1"]

1. e4 g6 2. d4 d6 3. Nf3 Nf6 4. Nc3 Bg7 5. Be2 O-O 6. O-O c6 7. Bf4 {An option
that has gained some popularity due to an article of GM Ian Rogers. The basic
idea is to bother black as much as possible in his aim to reach the desired
e7-e5 push. To achieve this, sometimes white pushes e4-e5 himself.} Nh5 {
A move very seldom played, and probably this is justified. GMs Kharlov and
Todorcevic are the only strong players to have tried this, according to my
database. Unless black finds some big improvement, it looks like black will
just leave the opening stage with a slightly inferior position.} 8. Bg5 (8. Be3
{was played in Solozhenkin - Kharlov, RUS 1998. Black managed to win that game,
but white had a very nice edge at one point. Probably 8...Nd7 is best against
this, but I am of the opinion that the first player gets the better chances.
With the move played in the game, I try to provoke h7-h6 to later gain a tempo
by hitting it with Qd2. Nonetheless, it is unclear whether this makes 8.Bg5
better than 8.Be3, for 8...h6 could prove useful sometime in the future.}) 8...
h6 9. Be3 e5 $2 {A real mistake, and I believe black is suffering after this
one.} (9... Nd7 {would have been better, but after} 10. Nd2 Nhf6 {a position
has been reached in which black is a few tempi down compared to other lines.})
10. Qd2 $1 {Forcing the black king to <h7>, thus weakening <f7>.} Kh7 11. dxe5
$1 dxe5 12. Qxd8 Rxd8 13. Bc4 {The key to white´s tenth move: black must waste
time defending <f7>.} Kg8 (13... f5 14. Rad1 {just leaves holes in black´s
position.}) 14. Rfd1 Re8 $6 {This is the natural move, but something different
had to be tried, because now white´s advantage increases very quickly. Anyhow,
it is not easy to suggest something.} ({Maybe} 14... Rxd1+ 15. Rxd1 Nd7 {
but it remains difficult to develop the remaining pieces. On the other hand,
her position would still be pretty solid.}) 15. Rd6 $1 {<g6> is now attacked.}
Kf8 (15... Bf8 $2 16. Rxg6+ Kh7 17. Bxf7 Re7 18. Rxc6 (18. Rg5 $1 {is even
better.}) 18... Nxc6 19. Bxh5 {And with three pawns for the exchange and
beautiful posts for white´s knights, the position should be winning.}) 16. Bc5
Kg8 17. Be3 {Repeating to gain some time to reach move forty. Of course, not} (
17. Rxg6 $2 Nf4 18. Rd6 Bf8 {although even here white has good compensation
for the exchange.}) (17. Rad1 {I did not like because} Bf6 18. Be3 Kg7 {
and black can still fight as all entry squares are controlled.}) 17... Kf8 18.
Rad1 {The easiest course. Black must now lose a pawn, but trying to prevent
this landed her in an even worse problem.} b6 $2 (18... Bg4 19. Rxg6 Bxf3 20.
gxf3 Nf4 21. Rgd6 {is terrible anyway.}) 19. Nd5 $1 {A tactical blow which
inmediately decides the outcome of the game.} Be6 (19... cxd5 20. Bxd5 $18) (
19... Ba6 20. Bxa6 {The simplest: white wins a pawn and keeps his positional
advantages.} Nxa6 21. Rxc6 $18) 20. Rxe6 (20. Nc7 Bxc4 21. Nxa8 Na6 {is
completely unnecessary.}) 20... fxe6 21. Nc7 Ke7 22. Nxa8 b5 23. Nc7 Rc8 24.
Nxe6 1-0

[Event "EU-Cup 20th"]
[Site "Izmir"]
[Date "2004.10.07"]
[Round "5.1"]
[White "Arizmendi Martinez, Julen Luis"]
[Black "Yrjola, Jouni"]
[Result "1-0"]
[WhiteElo "2531"]
[BlackElo "2414"]
[Annotator "Arizmendi,J"]
[PlyCount "73"]
[EventDate "2004.10.03"]
[EventType "team-swiss"]
[EventRounds "7"]
[EventCountry "TUR"]
[SourceTitle "CBM 104"]
[Source "ChessBase"]
[SourceDate "2005.01.27"]
[SourceVersion "1"]
[SourceVersionDate "2005.01.27"]
[SourceQuality "1"]
[WhiteTeam "Valencia"]
[BlackTeam "Helsinki"]
[WhiteTeamCountry "ESP"]
[BlackTeamCountry "FIN"]

1. e4 g6 {A surprise for me, since Yrjola usually goes for the Classical
Sicilian (1.e4 c5 2.Nf3 d6 3.d4 cxd4 4.Nxd4 Nf6 5.Nc3 Nc6). However, after the
game he told me he had written a book on the Modern-Pirc setup. In any case,
it seems I managed to surprise him in the opening.} 2. d4 Bg7 3. Nf3 d6 4. Be2
{This move-order practically forces Black to develop his knight to f6 and
enter the Pirc Defence. The reason behind this is that Black has to be careful
not to allow c4 at some point and find himself in some inferior line of the
King´s Indian Defence. For instance, in Arizmendi-Bergez, Mislata 2001, after
4...c6 5.0-0 Nd7 6.Re1 (6.c4 is alright of course) 6...Qc7 7.c4 White already
enjoyed a comfortable edge.} Nf6 5. Nc3 O-O 6. O-O Bg4 (6... c6 {is the other
main move in this position.}) 7. Bg5 $5 {This move does not have a great
reputation, but it certainly is more dangerous than it seems. The bishop on g5
is somewhat annoying, since Black´s natural reaction ...e5 leaves his
f6-knight pinned, possibly allowing tactical tricks at some stage. Thus, Black
usually prefers to chase the bishop away by playing ...h6, but then, once the
center closes (as in the game), his kingside pawn structure is far from ideal.
7.Bg5 was first played by Heinz Lehmann in Palma de Mallorca 1966, and he used
it to beat Ivkov. Nevertheless, the most famous game in this line is probably
Smyslov-Timman, Amsterdam 1971.} Nc6 8. h3 (8. Qd2 {is an interesting
alternative, preventing ...h6 once and for all. After 8...Nd7 9.Nd5 f6?!,
Matlakov-Lugovoi, St Petersburg 2004, White could have obtained the advantage
with 10.Bh4.} Nd7 9. Nd5 f6 $6 {Matlakov-Lugovoi, St Petersburg 2004, las
blancas tienen ventaja con 10.Bh4.}) 8... Bxf3 9. Bxf3 h6 ({Still, even now} 
9... e5 {is an interesting alternative. Then,} 10. dxe5 dxe5 (10... Nxe5 11.
Be2 {is better for White due to the bishop-pair and mobile pawn structure}) 11.
Qxd8 (11. Ne2 $5) (11. Nd5 Nd4 12. c3 Ne6 13. Nxf6+ Bxf6 14. Be3 c6 15. Qb3 {
Lalic-Leski, 1998. Ahora} Bg5 $1 {is good for Black.} 16. Qxb7 Bxe3 17. fxe3
Rb8 18. Qxa7 Rxb2) 11... Nxd8 12. Nd5 (12. Bxf6 Bxf6 13. Nd5 Bg5 14. Nxc7 Rc8
$132) 12... Nxd5 13. exd5 {La position is unclear, but I would prefer to be
White.}) 10. Be3 e5 11. d5 {Once d4 is under control, this move is possible.}
Ne7 {Diagrama [#]} 12. a4 $5 ({Also interesting, and maybe even better, is} 12.
h4 h5 13. g3 Kh7 14. a4 a5 15. Nb5 Nd7 16. Ra3 Ng8 17. Rc3 Rc8 18. Na7 Ra8 19.
Nb5 Rc8 20. Bg2 Bh6 21. Bxh6 Nxh6 22. Bh3 $14 {/+/-, Del Río-Inarkiev, Linares
2003.}) 12... Kh8 {Black begins to prepare ...f5. With his last move he frees
to g8-square for the knight, leaving h7 for the f6-knight.} (12... a5 {would
be very similar to Del Río-Inarkiev above.}) 13. a5 Nh7 (13... a6 {is possibly
better.}) 14. a6 b6 {The Finish grandmaster has allowed me to weaken all the
light-squares on the queenside. On the other hand, if he manages to exchange
my knight under the proper conditions, it will not be easy to make use of this.
} 15. Qd2 Ng8 ({During the game I also considered} 15... f5 $2 16. Bxh6 Bxh6
17. Qxh6 f4 {leaving my queen out of the game, but I thought there was no way
to take advantage of this temporary problem. Fritz seems to agree.} 18. Nb5 $16
) 16. g3 (16. Be2 {is another idea, going for the light-squares immediately.
In the game I preferred a more solid approach: first I protect my king, and
then I concentrate on the queenside.}) 16... f5 17. Bg2 Nhf6 (17... f4 $2 18.
gxf4 exf4 19. Bxf4 {is clearly insufficient.}) 18. exf5 gxf5 19. f4 Nh5 20. Ne2
Qd7 {After the game my opponent critized his decision here, proposing} (20...
Qe8 {instead, although I believe Black´s position is already sick. Maybe this
is not the best way to play against 11.Bg5.} 21. c4 Qg6 22. Kh2 $16 {.
Something tells me that Black might be worse already after 11.d5.}) 21. c4 Rae8
22. Kh2 Re7 23. Bf3 Nhf6 $2 (23... Qe8 {was forced, keeping some pressure on
White´s kingside. Now White has a free hand on the other side.}) 24. Nc3 e4 25.
Be2 c5 {Not much of a choice is Black is to prevent 26.Nb5.} 26. dxc6 Qxc6 {
Diagram[#]} 27. g4 $1 fxg4 28. hxg4 h5 29. g5 Ng4+ 30. Bxg4 hxg4 31. Kg3 Kh7
32. Qh2+ Kg6 33. f5+ $6 (33. Nd5 {is more clearcut.}) 33... Rxf5 34. Rxf5 ({
One neat trap is} 34. Kxg4 $2 Nh6+ $1 35. gxh6 Qc8 $3) 34... Be5+ $2 ({This
loses quickly. Critical was} 34... Bxc3 35. Kxg4 Rh7 {, although everything
would still be over after} 36. Qf4 Qd7 37. Rd1 $1) 35. Rxe5 dxe5 36. Qh8 Qxc4
37. Rh1 1-0

[Event "Biel MTO op"]
[Site "Biel"]
[Date "2003.07.25"]
[Round "5"]
[White "Arizmendi Martinez, Julen Luis"]
[Black "Milov, Vadim"]
[Result "1-0"]
[WhiteElo "2521"]
[BlackElo "2595"]
[Annotator "Arizmendi,J"]
[PlyCount "81"]
[EventDate "2003.07.19"]
[EventType "swiss"]
[EventRounds "11"]
[EventCountry "SUI"]
[SourceTitle "CBM 095 Extra"]
[Source "ChessBase"]
[SourceDate "2003.09.04"]
[SourceVersion "1"]
[SourceVersionDate "2003.09.04"]
[SourceQuality "1"]

1. e4 d6 {Milov had already used the Pirc-Modern setup in the past, against
Lastin in the past European Championship. Nonetheless, his choice of opening
still surprised me.} 2. d4 g6 3. Nf3 {A move-order which almost always ends up
in the Classical Variation of the Pirc Defense. The systems with Be2 are less
critical than those involving an early f2-f4, but they can be quite venomous.}
Bg7 4. Be2 Nf6 5. Nc3 Bg4 {This is an unusual order, but Azmaiparashvili has
played like this on many occasions. Most of the time, a transposition to
normal lines occurs after 6.0-0 or 6.Be3, but I decided to try to take
advantage of black´s move because I thought he had outlined his plan a bit too
quickly.} 6. Bg5 $5 {This concept, employed by Vasily Smislov, is well known
after 5...0-0 6.0-0 Bg4 7.Bg5, but the move is almost new in this position.
White is willing to allow black´s plan, but forcing certain concessions on him.
It is pretty obvious that the pin along the h4-d8 diagonal will be quite
annoying after e7-e5, so black decides to kick the bishop away first; then
black´s kingside will be somewhat weakened.} h6 ({Black could try to reach a
normal position with} 6... O-O {but then} 7. Qd2 {prevents h6.}) 7. Be3 Nc6 {
Black tries to create some play in the center before deciding his king´s final
destination.} 8. d5 Bxf3 9. gxf3 $1 {And this is the idea I had in mind: his
king will stay in the center. My pawn structure is not so nice anymore, but
his king position and my bishop pair should make up for that.} Nb8 ({The
alternative} 9... Ne5 {would allow me to gain some time in the future with
f4-f5, but it would also be more active. I guess it would eventually transpose
to the game.}) 10. Qd2 c6 11. O-O-O Nbd7 12. f4 {White has to open up the
position to reach black´s king, and during the game I thought that opening the
g file was best, using the tactical weakness of g6 and the g7 bishop.} Qa5 13.
Rhg1 a6 $2 {Milov has always been the type of player who risks to win games,
but he got carried away this time. Black cannot afford to waste time like this
when his kingside is about to be ripped apart.} (13... cxd5 {was necessary} 14.
exd5 Nh7 15. Bd4 (15. f5 {would mean two bishops against two knights, but the
pawn structure would make a difference in the resulting position.} Bxc3 16.
Qxc3 Qxc3 17. bxc3 g5 18. h4 gxh4 19. Rh1 Nhf6 20. Rxh4 $13) 15... Bxd4 16.
Qxd4 Nhf6 17. Bb5 $14 {The king position is the main factor here.}) 14. dxc6
bxc6 15. e5 $1 {Important intermediate move which my opponent probably
underestimated. e5 will not fall into black´s hands.} dxe5 16. f5 {the black
king will now be exposed for the rest of the game.} g5 17. h4 Rb8 18. hxg5 hxg5
19. Bxg5 Kf8 $6 (19... Qb4 20. b3 Kf8 {seems better, weakening at least my
queenside, although white´s advantage is not in doubt.}) 20. Bc4 {Obviously,
this is not the only plan, but I thought it was quite good. The bishop was not
doing much on e2, while on c4 it protects my king and attacks his.} e4 {
An attempt to complicate the game, but there is a simple refutation.} 21. Nxe4
Qe5 {Forced.} (21... Qxf5 22. Nxf6 Bxf6 (22... Nxf6 23. Bxf6 $1 {A recurring
theme in the game.} exf6 (23... Bxf6 24. Qd8+ Rxd8 25. Rxd8#) 24. Qd6+ Kg8 25.
Qxb8+) 23. c3 $18) ({If} 21... Nxe4 22. Bxe7+ {finishes the game.}) 22. Nc3
Qxf5 23. Be3 Qa5 {I declined Milov´s draw offer here. we were both in time
trouble, but I liked the position a lot.} (23... Nd5 24. Bxd5 cxd5 25. Rg5 $16)
24. Rg5 Qb4 (24... Nd5 25. Bd4 $16 (25. Bxd5 Bxc3 26. Qxc3 Qxc3 27. bxc3 cxd5
28. Rgxd5 $16)) 25. Bb3 c5 $6 {This only hastens the end.} 26. a3 Qh4 {[#]} 27.
Ba4 $1 {The knight cannot move due to Qd8 and mate.} Bh6 28. Bxd7 Nxd7 29. Rd5
Bxe3 30. fxe3 Nf6 31. Rxc5 {A practical decision, but Fritz likes} (31. Rd8+ $1
Rxd8 32. Qxd8+ Ne8 33. Qc8) 31... Qg3 $1 {I missed this move, and I can assure
you that it was quite annoying during time trouble. Suddenly all his pieces
are protected.} 32. Qd4 Rh3 33. e4 Rh4 $2 {I suppose most people would have
played} (33... Qe3+ 34. Qxe3 Rxe3 $16 {but I am sure the Swiss player was
still thinking of victory. And I must admit he almost got it... on time!}) 34.
Rg1 Qf4+ 35. Kb1 Rh2 36. Rf5 (36. Rcg5 $1 {is even better.}) 36... Qc7 (36...
Qd2 {was forced, although after} 37. Qxd2 Rxd2 38. Rgf1 {the result is not in
doubt.}) 37. e5 Ne4 {This move was so shocking that I used 7 out of my 10
remaining seconds to reach time control on move 40. Luckily, I found the right
path on time.} 38. Qxe4 (38. Rxf7+ Ke8 (38... Kxf7 39. e6+ Kxe6 40. Qd5+ Kf6
41. Nxe4#) 39. e6 $18) 38... Qxc3 39. Rxf7+ Ke8 40. Rf8+ {Only one second left.
That was close.} Kxf8 41. Qf5+ {42.Rg8 is mate.} 1-0